Verdeelde Hoofdsteden Puzzel - Statistieken

Algemene statistieken
  • Deze quiz is 5.337 keer genomen
  • De gemiddelde score is 12 van 20
Antwoordstatistieken
Hoofdstad % Correct
AMST ER DAM Amsterdam
100%
MEXI COS TAD Mexico-Stad
91%
BOED APE ST Boedapest
88%
REYK JA VIK Reykjavik
86%
HEL SIN KI Helsinki
79%
STO CKH OLM Stockholm
76%
KOP ENHA GEN Kopenhagen
75%
BRAT ISLA VA Bratislava
74%
LJU BLJ ANA Ljubljana
65%
SING APO RE Singapore
65%
ISLA MA BAD Islamabad
49%
VIL NI US Vilnius
49%
BRA SI LIA Brasilia
47%
GEOR GET OWN Georgetown
46%
JER UZA LEM Jeruzalem
45%
WE LLIN GTON Wellington
38%
ULA ANBA ATAR Ulaanbaatar
34%
AT HE NE Athene
32%
SAN TIA GO Santiago
30%
BO GO TA Bogota
27%
Geen overeenkomende quizzen gevonden
Scoreverdeling
Procent van Mensen met Elke Score
Percentiel versus Aantal Correcte Antwoorden
Uw Scoregeschiedenis
U heeft deze quiz nog niet genomen